000 00676nam a22002057a 4500
005 20161116150649.0
010 _aENG-116567
020 _a9789351436270
_c395.00
035 _aEN-100099
037 _bDBAD/PUB
082 _a345.5402
100 _aBedi,Shruti
245 _aIndian Counter Terorism Law :
_cby Shruti Bedi ; Intrduction by A.K. Sikri
260 _aGurgaon
_bLexis Nexis
_c2016
270 _a14th floor, Building no 10, tower-B, DLF Cyber City, Phase-II,
_bGurgaon (Haryana 0
_e122002
300 _axxvii, 347p
_c23cm(Pbk)
500 _aIncludes bibliographical reference.
700 _a Sikri, A.K.
942 _2ddc
_cEN
_h345.5402
_mBED
999 _c104640
_d104640